[Event "NZL-ch op rapid"]
[Site "Palmerston North"]
[Date "2018.01.11"]
[Round "9"]
[White "Steadman, Michael VR"]
[Black "Noble, Mark Frederick"]
[Result "1-0"]
[WhiteElo "2198"]
[BlackElo "2206"]
[PlyCount "81"]
[EventDate "2018.01.10"]
[EventType "swiss (rapid)"]
[EventRounds "9"]
[EventCountry "NZL"]
[SourceTitle "EXT 2019"]
[Source "ChessBase"]
[SourceDate "2018.10.10"]
[SourceVersion "1"]
[SourceVersionDate "2018.10.10"]
[SourceQuality "1"]

1. d4 d5 2. c4 c6 3. Nc3 Nf6 4. Nf3 e6 5. e3 Nbd7 6. Qc2 Bd6 7. Bd3 dxc4 8. Bxc4 e5 9. dxe5 Nxe5 10. Nxe5 Bxe5 11. e4 0-0 12. Bg5 Qa5 13. Bd2 Qc7 14. h3 b5 15. Bd3 a6 16. Ne2 Rd8 17. f4 Bxb2 18. Rb1 Ba3 19. e5 Nd5 20. Bxh7+ Kh8 21. Be4 Qa7 22. Qb3 Be7 23. Qf3 f5 24. exf6 Nxf6 25. Bxc6 Bf5 26. Rc1 Rac8 27. Be3 Bb4+ 28. Kf2 Qe7 29. Ng3 Bd3 30. Rhd1 Qf7 31. Kg1 Qxa2 32. Bb6 Qb3 33. Bxd8 Rxd8 34. Ne4 Be7 35. Nxf6 Bxf6 36. Be4 a5 37. Bxd3 Qf7 38. Bxb5 Rb8 39. Bc4 Qa7+ 40. Kh1 a4 41. Qh5# 1-0

[Event "NZL-ch op rapid"]
[Site "Palmerston North"]
[Date "2018.01.10"]
[Round "2"]
[White "Noble, Mark Frederick"]
[Black "Timergazi, Layla"]
[Result "1-0"]
[WhiteElo "2206"]
[BlackElo "1939"]
[PlyCount "123"]
[EventDate "2018.01.10"]
[EventType "swiss (rapid)"]
[EventRounds "9"]
[EventCountry "NZL"]
[SourceTitle "EXT 2019"]
[Source "ChessBase"]
[SourceDate "2018.10.10"]
[SourceVersion "1"]
[SourceVersionDate "2018.10.10"]
[SourceQuality "1"]

1. e4 c6 2. d3 d5 3. Nd2 e5 4. Ngf3 Bd6 5. d4 exd4 6. exd5 cxd5 7. Nxd4 Nc6 8. N2f3 Nf6 9. Be2 0-0 10. 0-0 Re8 11. Bg5 Bg4 12. h3 Be6 13. Nxe6 fxe6 14. c4 Kh8 15. cxd5 exd5 16. Bb5 a6 17. Ba4 Re4 18. Bc2 Re8 19. Qd3 Nb4 20. Bxf6 Nxd3 21. Bxd8 Nb4 22. Bb3 Raxd8 23. a3 Nd3 24. Ng5 Rd7 25. Rad1 Nf4 26. g3 Ne2+ 27. Kg2 h6 28. Nf3 d4 29. Nxd4 Nxd4 30. Rxd4 Rdd8 31. Rfd1 Bc7 32. Rd7 Rxd7 33. Rxd7 Be5 34. Rxb7 Bxb2 35. Ba4 Re2 36. Rb3 Bd4 37. Rf3 Re7 38. Bc2 Re8 39. a4 Bf6 40. Rf5 Rc8 41. Bd3 Ra8 42. Ra5 Bc3 43. Rxa6 Rxa6 44. Bxa6 Ba5 45. f4 Kg8 46. Kf3 Kf7 47. Ke4 Be1 48. g4 Ke6 49. Bc4+ Kf6 50. Kd5 Bd2 51. f5 Kg5 52. Kc6 Kh4 53. Bf7 Kxh3 54. Bh5 Kg3 55. Kb5 Kf4 56. a5 Ke5 57. a6 Be3 58. Kc6 Bd4 59. Kb7 Be3 60. a7 Bxa7 61. Kxa7 Kd6 62. Kb6 1-0

[Event "NZL-ch op rapid"]
[Site "Palmerston North"]
[Date "2018.01.10"]
[Round "1"]
[White "Sunathvanichkul, Tawan"]
[Black "Noble, Mark Frederick"]
[Result "0-1"]
[WhiteElo "1641"]
[BlackElo "2206"]
[PlyCount "62"]
[EventDate "2018.01.10"]
[EventType "swiss (rapid)"]
[EventRounds "9"]
[EventCountry "NZL"]
[SourceTitle "EXT 2019"]
[Source "ChessBase"]
[SourceDate "2018.10.10"]
[SourceVersion "1"]
[SourceVersionDate "2018.10.10"]
[SourceQuality "1"]

1. c4 c6 2. g3 d5 3. cxd5 cxd5 4. d4 Nf6 5. Bg2 Nc6 6. e3 e6 7. a3 Be7 8. Ne2 0-0 9. 0-0 b6 10. b4 Ba6 11. Re1 Bc4 12. Nec3 b5 13. Bf1 Qb6 14. Nd2 a5 15. Nxc4 dxc4 16. bxa5 Rxa5 17. Rb1 Nd5 18. Qc2 Qa6 19. Bg2 Rd8 20. Re2 g6 21. Qd2 Bxa3 22. Bxa3 Nxc3 23. Qxc3 Rxa3 24. Qxa3 Qxa3 25. Bxc6 b4 26. Reb2 c3 27. Rb3 c2 28. Rxb4 Qxb4 29. Rxb4 c1Q+ 30. Kg2 Qxc6+ 31. Kg1 Ra8 0-1

[Event "North Island-ch"]
[Site "Palmerston North"]
[Date "2016.10.07"]
[Round "9"]
[White "Timergazi, Layla"]
[Black "Noble, Mark Frederick"]
[Result "1/2-1/2"]
[WhiteElo "2003"]
[BlackElo "2229"]
[PlyCount "58"]
[EventDate "2016.10.03"]
[EventType "swiss"]
[EventRounds "9"]
[EventCountry "NZL"]
[SourceTitle "EXT 2018"]
[Source "ChessBase"]
[SourceDate "2017.10.13"]
[SourceVersion "1"]
[SourceVersionDate "2017.10.13"]
[SourceQuality "1"]

1. d4 Nf6 2. c4 e5 3. dxe5 Ne4 4. Nf3 Bb4+ 5. Bd2 Nxd2 6. Nbxd2 Nc6 7. a3 Bxd2+ 8. Qxd2 Qe7 9. e3 Nxe5 10. Be2 d6 11. Nxe5 Qxe5 12. Bf3 0-0 13. 0-0 Rb8 14. Rac1 b6 15. Rfd1 a5 16. b4 axb4 17. axb4 Bf5 18. Qd4 Rfe8 19. b5 Be4 20. Bxe4 Qxe4 21. Ra1 Qxd4 22. Rxd4 Ra8 23. Rdd1 Rxa1 24. Rxa1 Kf8 25. Ra7 Rc8 26. Kf1 Ke7 27. Ke2 Kd7 28. Kd3 Re8 29. f3 h6 1/2-1/2